000 00582nam a2200229Ia 4500
003 OSt
005 20221007072541.0
006 a|||||r|||| 00| 0
007 ta
008 221006b |||||||| |||| 00| 0 eng d
024 _a25,732
037 _cTextual
040 _aFLL
_cFLL
_beng
041 _2eng
_aeng
082 _aZ, K4
100 _aDavies Clive
_9690922
245 0 _aGeneral principles of law
260 _aLondon
_bSweet & Maxwell London
_c1964
300 _axv,1-119p
_ccm.
942 _hZ, K4
_cTEXL
_2CC
999 _c1146395
_d1146395